00304nam a22000857a 4500100002800000245011400028260002700142300000700169700004200176 aMuzmil Memon a15MSSE09 aA methodology for teaching and learning software testing education in higher education institutes of Pakistan aNawabshahbQUESTc2019 a61 aDepartment of Information Technology